Letras costarricenses

Сохранить в:
Библиографические подробности
Главные авторы: Castillo, Florencio del (Автор), González Zeledón, Manuel (Автор), Echeverría, Aquileo J (Автор), Jiménez, Manuel de J (Автор), Víquez, Pío (Автор), Fernández Guardia, Ricardo (Автор)
Формат:
Язык:испанский
Опубликовано: Buenos Aires W. M. Jackson 1945
Серии:Colección Panamericana, 9
Предметы:
Метки: Добавить метку
Нет меток, Требуется 1-ая метка записи!

MARC

LEADER 00000nam a2200000 a 4500
001 UCZ7270
003 CL-VaPUC
008 951228e19450000AG |||||||||||||||||spa|d
082 0 4 |a Cr860.8  |b CAS  |2 21 
100 0 |a Castillo, Florencio del  |e author  |9 352057 
700 0 |a González Zeledón, Manuel  |e author  |9 352058 
700 0 |a Echeverría, Aquileo J  |e author  |9 352059 
700 0 |a Jiménez, Manuel de J  |e author  |9 352060 
700 0 |a Víquez, Pío  |e author  |9 352061 
700 0 |a Fernández Guardia, Ricardo  |e author  |9 352062 
245 1 0 |a Letras costarricenses 
300 |a 350 p 
942 |c BK 
945 |d 19951228 00:00:00  |a rleighto 
260 |a Buenos Aires  |b W. M. Jackson  |c 1945 
650 7 |a ENSAYOS COSTARRICENSES  |2 CL-VaPUC  |9 352063 
650 0 |a Cuentos costarricenses  |9 352064 
650 7 |a POESIAS COSTARRICENSES  |2 CL-VaPUC  |9 352065 
650 7 |a NOVELAS COSTARRICENSES  |2 CL-VaPUC  |9 352066 
583 |a last modification  |c 19951228 00:00:00  |k Rodrigo Vera 
490 0 |a Colección Panamericana, 9 
999 |c 243370  |d 243368 
952 |0 0  |1 0  |4 0  |6 CR_860_800000000000000_CAS_1945  |7 0  |8 A  |9 256970  |a BIBEDU  |b BIBEDU  |d 2019-11-19  |i 3165620  |o Cr860.8 CAS 1945  |p 3165620  |r 2019-11-19  |w 2019-11-19  |y BK  |k LIT